00371nam a2200109Ia 4500008004100000020001800041100001900059245006800078260003900146650002600185856005000211171212s9999 xx 000 0 und d a9781922064547 aTreagus, Mandy cTreagus, MandyaEmpire GirlsbThe colonial heroine comes of age bUniversity of Adelaide Pressc2014 aLanguage & Literature uhttp://jstor.org/stable/10.20851/j.ctt1sq5x9m